000 01593cam a2200229 4500
001 ##L135616
008 061116n2006 000 0 eng u
035 _a(Sirsi) u135616
041 0 _aeng
050 0 4 _a346.4104343 $2 18
110 1 _aEngland and Wales
_bLaw Commission
_93302
245 0 0 _aTermination of tenancies for tenant default
_h[electronic resource]
260 _aLondon
_bTSO
_c2006
490 0 _aLaw Commission Report
_v303
490 0 _aCm
_v6946
520 _aReports on the findings of a project to reform the means by which a landlord can terminate a fixed term commercial or residential tenancy where the tenant has not complied with their obligations. Makes the following provisional proposals: to abolish the current law of forfeiture of tenancies and the related doctrine of waver; to create a new statutory scheme for termination of fixed term commercial tenancies and residential tenancies of 21 years or more; to require landlords to give pre-action notice to tenants and any qualifying derivative stakeholders of their intention to terminate a tenancy for tenant default; to give courts a structured discretion to make a a range of orders as well as termination, and to provide a modified regime whereby landlords may recover possession unilaterally.
590 _aKA NTK
651 4 _aEngland and Wales
_y1543-
690 _aPROPERTY-LEASEHOLD PROPERTY-LANDLORD AND TENANT-LEASES-BREACHING LEASES
856 _uhttps://www.official-documents.gov.uk/document/cm69/6946/6946.pdf
_zView the report free of charge at www.official-documents.gov.uk
942 _n0
999 _c106113
_d106113